Elenchus Rituum / [por] Consejo Episcopal Latinoamericano

Enregistré dans:
Détails bibliographiques
Collectivité auteur: Consejo Episcopal Latinoamericano
Format: Livre
Sujets:
Tags: Ajouter un tag
Pas de tags, Soyez le premier à ajouter un tag!

MARC

LEADER 00000nam^a2200000^u^4500
001 000537380
005 20250521000000.0
008 060220s1000^^^^^^^^^^^^r^^^^^000^0^spa^d
009 20260310131058.353
035 |a FMI 000003531 
037 |a Acervo Xavier Clavigero 
096 |a 5.9.3/102/B 
110 |a Consejo Episcopal Latinoamericano 
245 1 0 |a Elenchus Rituum / [por] Consejo Episcopal Latinoamericano 
264 |a Roma : CELAM, 1962 
300 |a 329 p. 
336 |a texto  |b txt  |2 rdacontenido 
337 |a sin mediación  |b n  |2 rdamedio 
338 |a volumen  |b nc  |2 rdasoporte 
649 |a XX 
650 |a LITURGIA 
910 |a Fondo Francisco Migoya Covarrubias S.J. 
920 |a Impresos - Libros 
930 |a Fondos Especiales 
905 |a 134 
901 |a SBC21217  |b IT2  |c ESP  |u 20250521 
902 |a https://opac.biblio.iteso.mx/vufind/Record/000537380